| 000 | 00854nam a2200289Ia 4500 | ||
|---|---|---|---|
| 001 | Z_3623 | ||
| 003 | CHAP | ||
| 008 | 220113s1994 xx 000 0 und d | ||
| 010 | _a166705 | ||
| 040 | _cCHAP | ||
| 090 | _aFolleto 417 | ||
| 100 |
_aMartínez Velázquez, Guillermo _972609 |
||
| 245 |
_aEsquemas de cruzamiento para producción de becerros en el trópico / _cpor Guillermo Martínez Velázquez y Moisés Montaño Bermudez |
||
| 260 |
_aTepic, Nay. : _bINIFAP. Campo Experimental El verdineño, _c1994 |
||
| 300 | _a13 h. | ||
| 440 |
_aFolleto técnico no. 1 _9140826 |
||
| 500 | _a | ||
| 503 | _a | ||
| 650 |
_aBecerros _xMejoramiento _9140827 |
||
| 650 |
_aBecerros _xTrópico I. Montaño Bermudez, Moisés _9140828 |
||
| 901 | _aFolleto 417 | ||
| 902 | _aA | ||
| 910 | _a1994 | ||
| 942 | _cc14 | ||
| 942 | _cc14 | ||
| 999 |
_c166705 _d166705 |
||